000 00681nmm a2200193Ia 4500
008 251105s9999||||xx |||||||||||||||||und||
020 _a9788484896784
041 _aspa
100 _aCastillo Solórzano, Alonso de
245 0 _aPicaresca femenina de Alonso de Castillo Solórzano : Teresa de Manzanares y La garduña de Sevilla
264 _a[Madrid, España] :
_bIberoamericana Vervuert,
_c2012
300 _a659 páginas
490 _aBiblioteca Áurea Hispánica
650 _aSpanish literature
700 _aCastillo Solórzano, Alonso de
700 1 _a Rodríguez Mansilla, Fernando (ed.)
856 _uhttps://public.digitaliapublishing.com/a/30347
942 _cCF
999 _c63794
_d63794